| 000 | 00350 a2200157 4500 | ||
|---|---|---|---|
| 001 | 176418 | ||
| 020 | _a | ||
| 040 | _cMagnum | ||
| 100 | _aCerqueira, Adriano L. da Gama | ||
| 240 | 1 | 0 |
_aA europa na idade moderna _lpor |
| 245 | 1 | 0 | _aA europa na idade moderna |
| 362 | 0 | _a1899 | |
| 440 | 1 | _aLĂȘ | |
| 697 | _aMAGNITO: PARADIDATICO | ||
| 942 | _cBK | ||
| 999 |
_c176418 _d176418 |
||